| Tag |
First Indicator |
Second Indicator |
Subfields |
| LEADER |
00000cam a2200000 a 4500 |
| 001 |
in00000002909 |
| 005 |
20151007050814.0 |
| 008 |
990128s1999 paua f000 0 eng d |
| 035 |
|
|
|a (OCoLC)ocm40815481
|
| 035 |
|
|
|9 AJE0668AM
|
| 040 |
|
|
|d GPO
|d DLC
|d MvI
|d UtOrBLW
|
| 043 |
|
|
|a n-us---
|
| 049 |
|
|
|a UDOC
|
| 074 |
|
|
|a 0461-B-01
|
| 086 |
0 |
|
|a ED 1.8:J 57/3/POSTER
|
| 245 |
0 |
0 |
|a Participate in Groundhog Job Shadow Day, 1999.
|
| 264 |
|
1 |
|a [Philadelphia, Pa.] :
|b America's Promise, The Alliance for Youth ;
|a [Washington, D.C.?] :
|b American Society of Association Executives :
|b Junior Achievement :
|b School to Work Opportunities, U.S. Dept. of Education, U.S. Dept. of Labor,
|c [1999?]
|
| 300 |
|
|
|a 1 poster :
|b color illustrations ;
|c 43 cm.
|
| 336 |
|
|
|a text
|b txt
|2 rdacontent
|
| 337 |
|
|
|a unmediated
|b n
|2 rdamedia
|
| 338 |
|
|
|a volume
|b nc
|2 rdacarrier
|
| 500 |
|
|
|a Shipping list number: 99-0010-S.
|
| 500 |
|
|
|a Shipping List #: 99-0010-S
|
| 500 |
|
|
|a Shipping List Date: 12/19/98
|
| 610 |
2 |
0 |
|a Groundhog Job Shadow Day Coalition.
|
| 650 |
|
0 |
|a Active learning
|z United States.
|
| 650 |
|
0 |
|a Business and education
|z United States.
|
| 650 |
|
0 |
|a Education, Cooperative
|z United States.
|
| 710 |
1 |
|
|a United States.
|b School to Work Opportunities Office.
|
| 856 |
7 |
|
|u http://www.jobshadow.org
|2 http
|t 0
|
| 999 |
|
|
|a MARS
|
| 999 |
f |
f |
|s 81956139-f3e5-3888-bbc2-3d08075c9eaa
|i 12c2c392-adca-300e-9267-8ae57b0ef039
|t 0
|
| 952 |
f |
f |
|a Texas A&M University
|b College Station
|c Electronic Resources
|d Available Online
|t 0
|e ED 1.8:J 57/3/POSTER
|h Superintendent of Documents classification
|
| 998 |
f |
f |
|a ED 1.8:J 57/3/POSTER
|t 0
|l Available Online
|